| 000 | 00531nam a2200145Ia 4500 | ||
|---|---|---|---|
| 008 | 170221s9999 xx 000 0 und d | ||
| 100 | _aMunusamy Marimuthu | ||
| 245 | _aAwareness, Attitude and Probable Area of Difficulties towards the Proposed Goods and Services Tax in Malaysia | ||
| 245 | _cMunusamy Marimuthu, Zainol Bidin | ||
| 260 | _bInternational Review of Management and Marketing | ||
| 260 | _cMay 2015 | ||
| 300 | _a4:2 | ||
| 650 | _xMarketing. | ||
| 856 | _uhttp://www.econjournals.com/index.php/irmm/issue/view/97 | ||
| 999 |
_c310028 _d310028 |
||